banner-ar

تاريخ الادب الجغرافى العربى / (Record no. 59273)

MARC details
000 -الفاتح
حقل البيانات ثابتة الطول 00979nam a2200253Ia 4500
005 - وقت وتاريخ اخر تعامل مع التسجيلة
رقم الضبط 20240530110203.0
008 - عناصر البيانات ثابتة الطول - معلومات عامة
حقل البيانات ثابتة الطول 140319s9999 xx 000 0 ara d
040 ## - مصدر الفهرسة
وكالة الفهرسة الأصلية GCL /
وكالة النسخ GCL
082 04 - رقم تصنيف ديوى العشرى
رقم التصنيف 910.181
رقم المادة ك ت
100 1# - المدخل الرئيسى - إسم شخصى
الإسم الشخصى أغناطيوس يوليانوفتش كراتشكوفسكي
245 10 - بيان العنوان
العنوان تاريخ الادب الجغرافى العربى /
بيان المسئوليه,etc تاليف أغناطيوس يوليانوفتش كراتشكوفسكي ؛ مترجم صلاح الدين عثمان هاشم
260 ## - PUBLICATION, DISTRIBUTION, ETC. (IMPRINT)
تاريخ النشر أو التوزيع 1987
300 ## - الوصف المادى
التعداد 1111 ص؛
تفاصيل ماديه اخرى للوعاء 24 سم
650 04 - المدخل الاضافى بالموضوع-مصطلح موضوعى
مصطلح موضوعي الادب العربى
650 04 - المدخل الاضافى بالموضوع-مصطلح موضوعى
مصطلح موضوعي التاريخ الاسلامى
650 04 - المدخل الاضافى بالموضوع-مصطلح موضوعى
مصطلح موضوعي الرحلات
650 04 - المدخل الاضافى بالموضوع-مصطلح موضوعى
مصطلح موضوعي الجغرافيا
650 04 - المدخل الاضافى بالموضوع-مصطلح موضوعى
مصطلح موضوعي الرحالة العرب
650 04 - المدخل الاضافى بالموضوع-مصطلح موضوعى
مصطلح موضوعي العلوم عند العرب
650 04 - المدخل الاضافى بالموضوع-مصطلح موضوعى
مصطلح موضوعي العرب والبحار
700 1# - المدخل الاضافى - اسم شخصى
الإسم الشخصى صلاح الدين عثمان هاشم
رمز الرابط مترجم
942 ## - عناصر المدخل الإضافي( كوها)
مصدر التصنيف او مخطط الترفيف Dewey Decimal Classification
Koha [default] item type كتاب
260 ## - PUBLICATION, DISTRIBUTION, ETC. (IMPRINT)
-- [ بيروت ] :
-- دار الغرب الاسلامى ،
Holdings
حالة التراجع حالة الفقد حالة تلف ليس للاعارة المكان المؤقت الموقع الحالى تاريخ الاكتساب اجمالي اﻻعارات رقم الطلب الباركود تاريخ اخر مشاهدة تاريخ تفعيل السعر نوع وعاء كوها مصدر التصنيف او خطة الترفيف موقع الترفيف
        مكتبة القاهرة الكبرى مكتبة القاهرة الكبرى 03/26/2014   910.181\ ك ت 153877 03/26/2014 03/26/2014 المراجع    
        مكتبة القاهرة الكبرى مكتبة القاهرة الكبرى 03/26/2014   910.181\ ك ت 153878 03/26/2014 03/26/2014 المراجع    
        مكتبة القاهرة الكبرى مكتبة القاهرة الكبرى 08/18/2022   910.181 ك ت 168258 08/18/2022 08/18/2022 كتاب ddc ق الرئيسية_التاريخ والجغرافيا_ك عربى

Powered By

EGPV